[Event "Granada Region-ch Seniors"]
[Site "Granada"]
[Date "2013.??.??"]
[Round "2.3"]
[White "Castillo Garcia, Jose Maria"]
[Black "Haag Vetter, Michael Harry"]
[Result "1-0"]
[WhiteElo "1385"]
[BlackElo "1733"]
[PlyCount "81"]
[EventDate "2013.01.08"]
[EventType "swiss"]
[EventRounds "6"]
[EventCountry "ESP"]
[SourceTitle "EXT 2024"]
[Source "ChessBase"]
[SourceDate "2023.10.10"]
[SourceVersion "1"]
[SourceVersionDate "2023.10.10"]
[SourceQuality "1"]

1. d4 Nf6 2. c4 c5 3. d5 b5 4. cxb5 a6 5. bxa6 Bxa6 6. g3 g6 7. Bg2 d6 8. Nc3 Bg7 9. e4 0-0 10. Nge2 Nbd7 11. 0-0 Ne5 12. b3 Qb6 13. a4 Rfb8 14. Rb1 Bd3 15. Rb2 Ba6 16. Rb1 Bd3 17. Rb2 Qa6 18. Qd2 Rb4 19. f4 Ned7 20. Rf3 Bxe4 21. Nxe4 Nxe4 22. Qc2 Bxb2 23. Bxb2 f5 24. Re3 Ndf6 25. Bxf6 exf6 26. Bxe4 fxe4 27. Rxe4 Qb7 28. Qd3 Rxb3 29. Nc3 Qd7 30. Re6 Rxa4 31. Qc2 Ra1+ 32. Kg2 Qb7 33. Qd3 Raa3 34. Qe4 Rb2+ 35. Kh3 Qd7 36. f5 Kf7 37. Qh4 Kg8 38. Ne4 g5 39. Nxf6+ Kh8 40. Re8+ Kg7 41. Qxh7+ 1-0

[Event "Granada Region-ch Seniors"]
[Site "Granada"]
[Date "2013.??.??"]
[Round "1.5"]
[White "Guntinas Hernandez, Rodrigo Luis"]
[Black "Castillo Garcia, Jose Maria"]
[Result "0-1"]
[WhiteElo "1602"]
[BlackElo "1385"]
[PlyCount "96"]
[EventDate "2013.01.08"]
[EventType "swiss"]
[EventRounds "6"]
[EventCountry "ESP"]
[SourceTitle "EXT 2024"]
[Source "ChessBase"]
[SourceDate "2023.10.10"]
[SourceVersion "1"]
[SourceVersionDate "2023.10.10"]
[SourceQuality "1"]

1. e4 e6 2. d4 d5 3. e5 c5 4. c3 Nc6 5. Nf3 Qb6 6. a3 cxd4 7. cxd4 Nge7 8. b4 Nf5 9. Bb2 Be7 10. Bd3 0-0 11. Bc2 a5 12. Qd3 g6 13. b5 a4 14. g4 Nh4 15. Nxh4 Bxh4 16. Bc3 Na5 17. Bb4 Re8 18. Bxa4 Nc4 19. Bb3 Qxb5 20. Nc3 Qc6 21. 0-0 b5 22. Rfc1 Bb7 23. Qc2 f6 24. f4 fxe5 25. fxe5 Qb6 26. Bc5 Qc6 27. a4 b4 28. Bxb4 Nxe5 29. Qe2 Nc4 30. Nb5 Bf6 31. Qg2 Bxd4+ 32. Nxd4 Qb6 33. Bxc4 Qxd4+ 34. Kf1 Qf4+ 35. Ke1 Rab8 36. Bd2 Qe5+ 37. Be2 d4 38. Qg3 Qe4 39. Rab1 Ba6 40. Qf3 Qe5 41. Bf4 Qa5+ 42. Kf1 Bxe2+ 43. Qxe2 Rxb1 44. Rxb1 Qxa4 45. Rd1 d3 46. Qd2 Rd8 47. Be5 Qxg4 48. Re1 Rf8+ 0-1